000 00764cam a2200181 4500
001 WS124010
008 031024n 000 0 eng u
035 _a(Sirsi) u124010
110 _aAssociation of Summer Olympic International Federations
_94538
245 _aAssociation of Summer Olympic International Federations
520 _aWeb site for this organisation which is a grouping of the federations for each sport involved in the summer Olympic Games. These federations are responsible for what happens on the field of play at the games.
650 _aINTERNATIONAL
650 _aOLYMPIC GAMES
650 _aSPORT
690 _aLEISURE AND RECREATION
856 4 0 _uhttps://www.asoif.org
_zView the website free of charge at www.asoif.org...
942 _n0
999 _c120343
_d120343